000 00585nam a2200229Ia 4500
003 OSt
005 20240320163232.0
008 210210b1940 xxu||||| |||| 00| 0 eng d
040 _cAL
041 _aHindi
082 _a869/11
100 _aAJNEYA
_d अज्ञेय
_9155776
245 _aShekhar Ek Jeevani I
_bशेखर: एक जीवनी -१
260 _aBanAras
_b-
_c1940
650 _aShekar
_9155777
650 _ajivani
_9155778
650 _aI
_9155779
650 _aek
_9155780
690 _aHindi Fiction
_9155781
906 _a023810
942 _2ddc
_cBK
999 _c148775
_d148775